Statistics for Al Pacino Filmography

Click here to take the quiz!

General Stats

  • This quiz has been taken 138 times
  • The average score is 14 of 51

Answer Stats

HintAnswer% Correct
1972The Godfather
100%
1974The Godfather Part II
91%
1990The Godfather Part III
84%
1995Heat
82%
1983Scarface
78%
1992Scent of a Woman
76%
1973Serpico
68%
1975Dog Day Afternoon
63%
1997The Devil's Advocate
59%
1997Donnie Brasco
47%
1993Carlito's Way
46%
1999Any Given Sunday
38%
2002Insomnia
35%
1989Sea of Love
31%
1990Dick Tracy
29%
1979...And Justice for All
26%
1971The Panic in Needle Park
24%
1992Glengarry Glen Ross
23%
2007Ocean's Thirteen
22%
200788 Minutes
21%
1980Cruising
21%
2011Jack and Jill
21%
1973Scarecrow
21%
2003The Recruit
21%
2004The Merchant of Venice
20%
1991Frankie and Johnny
19%
2008Righteous Kill
19%
2002S1M0NE
19%
1999The Insider
17%
2003Angels in America
15%
1982Author! Author!
12%
1996Looking for Richard
12%
1996City Hall
11%
2005Two for the Money
11%
1977Bobby Deerfield
10%
2003Gigli
9%
2010You Don't Know Jack
9%
1969Me, Natalie
8%
2013Phil Spector
7%
1985Revolution
7%
2015Danny Collins
5%
2014Manglehorn
5%
2012Stand Up Guys
4%
2011Wilde Salomé
3%
2000Chinese Coffee
2%
1995Two Bits
2%
2016Misconduct
1%
2002People I Know
1%
2014The Humbling
1%
2011The Son of No One
1%
1990The Local Stigmatic
0%

Score Distribution

Percentile by Number Answered

Percent of People with Each Score

Your Score History

You have not taken this quiz